Sports Quiz

Random Sports or NBA Quiz

NBA 2016 Last name Z Quiz Stats

Quiz not verified by Sporcle

Also try: Sports Lingo
Challenge
Share
Tweet
Embed
Score 0/22 Timer 06:00
0 Plays Today
Team: Player: % Correct
Boston Celtics:Tyler Zeller
83.3%
Charlotte Hornets:Cody Zeller
83.3%
Brooklyn Nets:Brook Lopez
72.2%
Chicago Bulls:Robin Lopez
72.2%
Dallas Mavericks:Dirk Nowitzki
72.2%
New York Knicks:Kristaps Porzingis
64.1%
Toronto Raptors:DeMar DeRozan
59%
Los Angeles Lakers:Ivica Zubac
54.7%
Denver Nuggets:Juan Hernangomez
50.4%
New York Knicks:Willy Hernangomez
50.4%
Chicago Bulls:Paul Zipser
47.4%
Team: Player: % Correct
Boston Celtics:Terry Rozier
45.7%
Los Angeles Lakers:Timofey Mozgov
44.4%
Houston Rockets:Trevor Ariza
43.6%
Orlando Magic:Mario Hezonja
39.3%
Atlanta Hawks:Kent Bazemore
38.5%
New Orleans Pelicans:Tim Frazier
29.1%
Philadelphia 76ers:Sergio Rodriguez
28.2%
New York Knicks:Mindaugas Kuzminskas
26.9%
Portland Trail Blazers:Festus Ezeli
25.6%
Orlando Magic:Stephen Zimmerman
24.4%
Orlando Magic:Damjan Rudez
10.7%

You're not logged in!

Compare scores with friends on all Sporcle quizzes.
Sign Up with Email
OR
Log In

You Might Also Like...

Show Comments

Extras

Top Quizzes Today


Score Distribution

Your Account Isn't Verified!

In order to create a playlist on Sporcle, you need to verify the email address you used during registration. Go to your Sporcle Settings to finish the process.